| 000 | 00774nam a2200205Ii 4500 | ||
|---|---|---|---|
| 003 | JO-AjNU | ||
| 008 | 230605s9999||||xx |||||||||||||| ||und|| | ||
| 017 | _a41122 | ||
| 040 |
_aJO-AjNU _bara _erda _cJO-AjNU |
||
| 041 | _aara | ||
| 050 | 1 | 4 | _aRC423.A34 2012 |
| 100 | 3 |
_aعمايرة ، موسى محمد/ م مشارك ياسر سعيد الناطور, _eauthor _943035 |
|
| 245 | 0 | 0 | _aمقدمة في اضطرابات التواصل |
| 264 | 3 | 1 | _aعمان:دار الفكر ، 2012 |
| 300 | _a288ص | ||
| 336 |
_atext _btxt _2rdacontent |
||
| 337 |
_aunmediated _bn _2rdamedia |
||
| 338 |
_avolume _bnc _2rdacarrier |
||
| 650 | 4 |
_aعيوب الكلام عند الاطفال-صعوبات التعلم-الاتصال الشفوي-الجوانب النفسية _943036 |
|
| 999 |
_aA18472 _c22040 _d22040 |
||